| 000 | 01595cam a2200445 a 4500 | ||
|---|---|---|---|
| 001 | 12347934 | ||
| 003 | OSt | ||
| 005 | 20140310181629.0 | ||
| 008 | 010315s2000 enka 001 0 eng d | ||
| 010 | _a 2001267165 | ||
| 020 | _a0751313017 | ||
| 024 | 1 | _a9780789472885 | |
| 035 | _a(OCoLC)ocm46402684 | ||
| 040 |
_aIOU _cIOU _dDLC |
||
| 042 | _alccopycat | ||
| 050 | 0 | 0 |
_aQA 76.76 _b.L723 2000 |
| 082 | 0 | 0 |
_aTR 004.02 _221 _bL62 2000 |
| 100 | 1 |
_aLight, Ann _q(Ann Maxine), _d1961- |
|
| 245 | 1 | 0 |
_aEnhancing your website / _cAnn Light & Des Watson. |
| 246 | 3 | _aInternet, enhancing your website | |
| 250 | _a1st American ed. | ||
| 260 |
_aLondon ; _aNew York : _bDorling Kindersley, _cc2000. |
||
| 300 |
_a72 p. : _bcol. ill. ; _c18 cm. |
||
| 440 | 0 | _aEssential computers | |
| 500 | _a"Using Microsoft Windows 98 : HTML."--Cover. | ||
| 500 | _aAt head of title: Internet. | ||
| 500 | _aIncludes index. | ||
| 521 | _aTeachers Reference | ||
| 541 | _j1 | ||
| 562 | _e1 | ||
| 650 | 0 | _aHTML (Document markup language) | |
| 650 | 0 |
_aWeb sites _xDesign. |
|
| 650 | 0 | _aWindows (Computer programs) | |
| 700 | 1 | _aWatson, Des. | |
| 856 | 4 | 2 |
_3Contributor biographical information _uhttp://www.loc.gov/catdir/enhancements/fy0721/2001267165-b.html |
| 856 | 4 | 2 |
_3Publisher description _uhttp://www.loc.gov/catdir/enhancements/fy0721/2001267165-d.html |
| 906 |
_a7 _bcbc _ccopycat _d2 _encip _f20 _gy-gencatlg |
||
| 942 |
_2lcc _cBK-TR _kTR |
||
| 999 |
_c426 _d426 |
||